000
00293 a2200109 4500
005
20250630115403.0
020
_a
978-0-323=04702-9
082
_a
615.03 SKI
245
_a
2009 Mosby's Nursing Drug Reference,
300
_a
xii, 1290p,: ill.; figure picture, table
_b
Index
_c
19.4cm
942
_2
ddc
_c
BKS
999
_c
6475
_d
6475